000 00536nam a2200205Ia 4500
003 OSt
005 20241129151729.0
008 210716s1946 xx 000 0 und d
020 _a394700023
040 _cAIMIT LIBRARY
041 _aeng
082 _a808.83
_21
_bCAMA
100 _aCamus, Albert.
_9187272
245 _aStranger /
_cBy Albert Camus.
250 _a1st ed.
260 _aNew York :
_bVintage books ;
_c1946.
300 _a154p. ;
_bPB
_c18 cm.
650 _aNovels
_9187273
942 _2ddc
_cBK
_e1st ed.
_k808.83 CAMA
999 _c201165
_d201165